Теория и практика оценочной деятельности: учебное пособие для вузов

Dades bibliogràfiques
Autor principal: Кащук И. В. Ирина Вадимовна
Autor corporatiu: Национальный исследовательский Томский политехнический университет (ТПУ)
Sumari:Пособие освещает вопросы истории развития, государственного регулирования и методологии оценки. Рассматриваются особенности оценки различных объектов собственности. Приводятся контрольные вопросы и задания для самопроверки студентов, список литературы. Предназначено для студентов, обучающихся по специальности 080503 "Антикризисное управление".
Idioma:rus
Publicat: Томск, Изд-во ТПУ, 2011
Matèries:
Format: MixedMaterials Llibre
KOHA link:https://koha.lib.tpu.ru/cgi-bin/koha/opac-detail.pl?biblionumber=206662

MARC

LEADER 00000nam0a2200000 4500
001 206662
005 20240116145454.0
035 |a (RuTPU)RU\TPU\book\225343 
090 |a 206662 
100 |a 20120116d2011 m y0rusy50 ca 
101 0 |a rus 
102 |a RU 
105 |a a j 000zy 
200 1 |a Теория и практика оценочной деятельности  |e учебное пособие для вузов  |f И. В. Кащук  |g Национальный исследовательский Томский политехнический университет (ТПУ) 
210 |a Томск  |c Изд-во ТПУ  |d 2011 
215 |a 224 с.  |c ил. 
330 |a Пособие освещает вопросы истории развития, государственного регулирования и методологии оценки. Рассматриваются особенности оценки различных объектов собственности. Приводятся контрольные вопросы и задания для самопроверки студентов, список литературы. Предназначено для студентов, обучающихся по специальности 080503 "Антикризисное управление". 
606 1 |a Оценка  |x Бухгалтерский учет  |2 stltpush  |3 (RuTPU)RU\TPU\subj\71138  |9 85174 
610 1 |a оценочная деятельность 
610 1 |a теория 
610 1 |a практика 
610 1 |a история 
610 1 |a Россия 
610 1 |a правовое регулирование 
610 1 |a лицензирование 
610 1 |a принципы 
610 1 |a стандарты 
610 1 |a денежные потоки 
610 1 |a временная оценка 
610 1 |a текущая стоимость 
610 1 |a недвижимое имущество 
610 1 |a недвижимость 
610 1 |a нематериальные активы 
610 1 |a машины 
610 1 |a оборудование 
610 1 |a учебные пособия 
610 1 |a труды учёных ТПУ 
675 |a 657.9(075.8)  |v 3 
700 1 |a Кащук  |b И. В.  |c экономист  |c доцент Томского политехнического университета, кандидат технических наук  |f 1958-  |g Ирина Вадимовна  |3 (RuTPU)RU\TPU\pers\25428  |9 11370 
712 0 2 |a Национальный исследовательский Томский политехнический университет (ТПУ)  |c (2009- )  |3 (RuTPU)RU\TPU\col\15902 
801 1 |a RU  |b 63413507  |c 20120116 
801 2 |a RU  |b 63413507  |c 20140311  |g RCR 
942 |c BK